书目信息 |
| 题名: |
财务指标体系创新与应用
|
|
| 作者: | 徐晓莉 编著 | |
| 分册: | ||
| 出版信息: | 昆明 云南大学出版社 2012 |
|
| 页数: | 219页 | |
| 开本: | 24cm | |
| 丛书名: | 纳税人俱乐部丛书 | |
| 单 册: | ||
| 中图分类: | F275.2 | |
| 科图分类: | ||
| 主题词: | 企业管理--会计分析--资格考试--教材 , 企业管理 , 会计分析 | |
| 电子资源: | ||
| ISBN: | 978-7-5482-0818-1 | |
| 000 | 01357nam0 22003011 450 | |
| 001 | 524 | |
| 005 | 20140909092435.57 | |
| 010 | @a978-7-5482-0818-1@dCNY28.00 | |
| 100 | @a20121101d2012 em y0chiy50 ea | |
| 101 | 0 | @achi |
| 102 | @aCN@b530000 | |
| 105 | @ay z 000yy | |
| 106 | @ar | |
| 200 | 1 | @a财务指标体系创新与应用@ACai Wu Zhi Biao Ti Xi Chuang Xin Yu Ying Yong@dInnovation and application of financial indicators system@f徐晓莉编著@FXu Xiao Li Bian Zhu@zeng |
| 210 | @a昆明@c云南大学出版社@d2012 | |
| 215 | @a219页@d24cm | |
| 225 | 2 | @a纳税人俱乐部丛书 |
| 300 | @a中国注册理财规划师协会CICFP注册财税管理师资质考试指定教材 | |
| 330 | @a本书内容共分为八章,综合企业的财务和非财务指标,强调如何构建符合企业自身要求的指标体系,从多维的角度阐述经营指标、管理水平指标、发展能力指标、预警能力指标、内部控制指标和关键绩效指标,分别从如何建立自身的指标体系、如何选择指标和怎样运用指标入手,体系化地为读者打开一个窗口,以方法论来探讨如何抓住企业的关键环节,分析问题、解决问题。 | |
| 410 | 0 | @12001 @a纳税人俱乐部丛书 |
| 510 | 1 | @aInnovation and application of financial indicators system@zeng |
| 606 | 0 | @a企业管理@x会计分析@x资格考试@j教材 |
| 606 | 0 | @a企业管理 |
| 606 | 0 | @a会计分析 |
| 690 | @aF275.2@v5 | |
| 701 | 0 | @a徐晓莉@AXu Xiao Li@g(女,管理学)@4编著 |
| 801 | 0 | @aCN@bTANGWEI@c20140603 |
| 905 | @b0837279-81@dF275.2@e1097@f3 | |
| 财务指标体系创新与应用=Innovation and application of financial indicators system/徐晓莉编著.-昆明:云南大学出版社,2012 |
| 219页;24cm.-(纳税人俱乐部丛书) |
| 中国注册理财规划师协会CICFP注册财税管理师资质考试指定教材 |
| ISBN 978-7-5482-0818-1:CNY28.00 |
| 本书内容共分为八章,综合企业的财务和非财务指标,强调如何构建符合企业自身要求的指标体系,从多维的角度阐述经营指标、管理水平指标、发展能力指标、预警能力指标、内部控制指标和关键绩效指标,分别从如何建立自身的指标体系、如何选择指标和怎样运用指标入手,体系化地为读者打开一个窗口,以方法论来探讨如何抓住企业的关键环节,分析问题、解决问题。 |
| ● |
| 相关链接 |
|
|
|
|
正题名:财务指标体系创新与应用
索取号:F275.2/1097
 
预约/预借
| 序号 | 登录号 | 条形码 | 馆藏地/架位号 | 状态 | 备注 |
| 1 | 0837279 | 208372795 | 第一样本阅览室/ [索取号:F275.2/1097] | 在馆 | |
| 2 | 0837280 | 208372802 | 第一借阅区/ [索取号:F275.2/1097] | 在馆 | |
| 3 | 0837281 | 208372811 | 密集书库-海洋学院/ [索取号:F275.2/1097] | 在馆 |